| 000 | 00580nam a2200193Ia 4500 | ||
|---|---|---|---|
| 005 | 20250326140554.0 | ||
| 008 | 250326s9999 xx 000 0 und d | ||
| 020 | _a0-8129-3095-9 | ||
| 037 | _aTextbook | ||
| 040 |
_aFMSL _beng _cFMSL |
||
| 041 |
_aeng _2eng |
||
| 084 |
_aX:80bD658(2:55) P0 _qFMSL |
||
| 100 |
_aStross R E _9742601 |
||
| 245 | 0 |
_aeBoys: first inside account of venture capitalists at work _cStross R E |
|
| 260 |
_aNew York _bNew York, Crown _c2000 |
||
| 300 | _axxii,325 | ||
| 942 |
_cTB _hX:80bD658(2:55) P0 |
||
| 999 |
_c1286370 _d1286370 |
||